Statistiques concernant Les départements ne possédant pas d'éoliennes

Cliquez ici pour prendre le quiz!

Statistiques générales

  • Ce quiz a été pris 249 fois
    (65 depuis la dernière actualisation)
  • Le résultat moyen est 14 sur 27

Statistiques - réponses

Département% Correct
Paris
84%
Seine-Saint-Denis
68%
Val-de-Marne
65%
Haute-Savoie
62%
Savoie
62%
Hauts-de-Seine
60%
Alpes-de-Haute-Provence
57%
Alpes-Maritimes
56%
Hautes-Alpes
56%
Loire
54%
Mayotte
54%
Val-D'Oise
54%
Guyane
49%
Hautes-Pyrénées
49%
Lot
49%
Gironde
48%
Lot-et-Garonne
48%
Territoire de Belfort
48%
Corse-du-Sud
46%
Pyrénées-Atlantiques
46%
Landes
44%
Gers
41%
Haut-Rhin
41%
Ariège
40%
Tarn-et-Garonne
35%
Dordogne
33%
Indre-et-Loire
30%

Distribution des résultats

Percentile par nombre de réponses

% des personnes avec chaque résultat

Votre développement - résultats

Vous n’avez pas pris ce quiz depuis la dernière actualisation